000 00938cam a2200157 4500500
005 20260329010303.0
041 _afre
042 _adc
100 1 0 _aCharles, Shelly
_eauthor
245 0 0 _aPutting oneself in the shoes of a villain: Diderot and the Lovelace paradox
260 _c2026.
500 _a3
520 _aLovelace is the character Diderot refers to most often in his Éloge de Richardson. But what exactly fascinates Diderot? The moral complexity of the seducer can be understood through the prism of his role as a mystifier with proven talents as an actor, author, and theorist of illusion. Diderot likens his role to that of Richardson, the notorious master of illusion.
786 0 _nRecherches sur Diderot et sur l’Encyclopédie | 60 | 1 | 2026-01-22 | p. 109-144 | 0769-0886
856 4 1 _uhttps://shs.cairn.info/journal-recherches-sur-diderot-et-sur-lencyclopedie-2025-1-page-109?lang=en&redirect-ssocas=7080
999 _c1851237
_d1851237